LDR 00721naa#a2200169#i#450# 001 EN\\bibl\118699 005 20260516045006.6 011 ## _a1994-4683 100 ## _a20230428b2023####ek#y0engy0150####ca 102 ## _aRU 200 1# _aIMPLEMENTATION IN PRACTICE OF A.S. MAKARENKO'S THEORY ABOUT THE COLLECTIVE AT THE MILITARY INSTITUTE OF THE RUSSIAN GUARD _eJournal article 210 1# _aMoscow _cNational State University of Physical Education, Sports and Health named after P.F. Lesgaft _d2023 215 ## _a3 с. 608 ## _aJournal article _2local 675 ## _aВысшее образование. Высшая школа. Подготовка научных кадров. 378 _z 700 #1 _aIsaeva _gN N 856 4# _auchzapiski.lesgaft.spb.ru _u